000 00330nam a22001457a 4500
008 240318b ||||| |||| 00| 0 eng d
020 _a9780073132778
041 _aeng
080 _22005
_a101
082 _a101PEN
100 _a44
101 _aFILOZOFI
245 _aTHE ELEMENTS OF BIOETHICS
_cGREGORY E.P
942 _2udc
_cBK
999 _c60612
_d60612